[Event "1st Merlin Lezajsk Chess Masters"]
[Site "Lezajsk"]
[Date "1899-12-30"]
[Round "1.1"]
[White "Jobava, Baadur"]
[Black "Rasti, Arvin"]
[Result "1-0"]
[WhiteTitle "GM"]
[BlackTitle ""]
[WhiteElo "2603"]
[BlackElo "2285"]

1. d4 d5 2. c4 c6 3. Nf3 Nf6 4. Nc3 a6 5. cxd5 cxd5 6. Bf4 Nc6 7. Ne5 g6 8. e3
Bg7 9. Be2 O-O 10. Nxc6 bxc6 11. O-O Bf5 12. Rc1 Nd7 13. Na4 e5 14. dxe5 Nxe5
15. b3 Qe7 16. Nc5 a5 17. Re1 Rfc8 18. Qd2 Ra7 19. h3 Nd7 20. Na4 Qb4 21. Red1
Be6 22. Rc2 Be5 23. Qxb4 axb4 24. Bxe5 Nxe5 25. Rd4 c5 26. Rxc5 Rxc5 27. Nxc5
Rxa2 28. Bb5 Rc2 29. Nxe6 fxe6 30. Rxb4 Kf8 31. Bf1 Rc7 32. Ra4 Ke7 33. b4 Nc4
34. b5 Nb6 35. Ra6 Rb7 36. h4 e5 37. g4 Kd6 38. g5 Kc5 39. Kg2 Nc4 40. e4 Nb6
41. exd5 Kxd5 42. Kg3 Kc5 43. Ra1 Re7 44. Rc1+ Kb4 45. Rc6 Ka5 46. f3 Nd5 47.
Rd6 Nc3 48. Bd3 Kb4 49. h5 gxh5 50. Rh6 e4 51. Bxe4 Nxe4+ 52. fxe4 Kxb5 53. Kf4
Kc5 54. e5 Rg7 55. Kf5 Kd4 56. e6 Kd5 57. Kf6 Ra7 58. e7 1-0

[Event "1st Merlin Lezajsk Chess Masters"]
[Site "Lezajsk"]
[Date "1899-12-30"]
[Round "1.2"]
[White "Kuegel, Tobias"]
[Black "Zilka, Stepan"]
[Result "0-1"]
[WhiteTitle "CM"]
[BlackTitle "GM"]
[WhiteElo "2267"]
[BlackElo "2577"]

1. e4 c6 2. Nc3 d5 3. Nf3 dxe4 4. Nxe4 Nf6 5. Qe2 Nxe4 6. Qxe4 Qd5 7. Qh4 Qe6+
8. Be2 Qg4 9. Qg3 Qxg3 10. hxg3 Bf5 11. c3 Nd7 12. d4 h6 13. Be3 e6 14. Ne5 Bh7
15. Bh5 Nxe5 16. dxe5 Be7 17. O-O-O Be4 18. Bf3 Bd5 19. b3 b5 20. c4 Bxf3 21.
gxf3 a5 22. cxb5 cxb5 23. a4 bxa4 24. bxa4 O-O 25. Rd7 Rfc8+ 26. Kd1 Rab8 27.
Ke2 Rb2+ 28. Kf1 Bc5 29. Bxc5 Rxc5 30. Kg2 Rxe5 31. Rc1 Ree2 32. Rc8+ Kh7 33.
Rxf7 Rxf2+ 34. Kh3 h5 35. g4 Rh2+ 36. Kg3 e5 37. f4 h4+ 38. Kf3 Rbe2 39. g5 Kg6
40. Re7 e4+ 41. Rxe4 Rhf2+ 42. Kg4 Rxe4 43. Rc6+ Kf7 44. g6+ Ke7 45. Kh3 Rf3+
46. Kg4 Rexf4+ 47. Kg5 Rf5+ 48. Kg4 R3f4+ 49. Kh3 Rxa4 50. Rc7+ Kd6 51. Rxg7 Rf3+
0-1

[Event "1st Merlin Lezajsk Chess Masters"]
[Site "Lezajsk"]
[Date "1899-12-30"]
[Round "1.3"]
[White "Chatalbashev, Boris"]
[Black "Dmochowska, Agnieszka"]
[Result "1/2-1/2"]
[WhiteTitle "GM"]
[BlackTitle "WFM"]
[WhiteElo "2527"]
[BlackElo "2078"]

1. d4 Nf6 2. c4 e6 3. Nc3 Bb4 4. Nf3 c5 5. g3 O-O 6. Bg2 cxd4 7. Nxd4 d5 8. cxd5
Nxd5 9. Qb3 Nc6 10. Nxc6 bxc6 11. O-O Rb8 12. Na4 Ba6 13. Qc2 Qf6 14. a3 Be7 15.
Rd1 Rfd8 16. e4 Nb6 17. Bf4 e5 18. Be3 Nxa4 19. Qxa4 c5 20. Rxd8+ Rxd8 21. b4
cxb4 22. axb4 Be2 23. Bxa7 Ra8 24. h4 h6 25. Qd7 Rd8 26. Qb7 Rd2 27. b5 Bd8 28.
Bc5 Rc2 29. Be3 Rb2 30. Qc8 Rxb5 31. Re1 Rb2 32. Qc3 Ra2 33. Qb3 Qa6 34. Qb8 Qa5
35. Rc1 Ra1 36. Rxa1 Qxa1+ 37. Kh2 Qa5 38. Bh3 Qc7 39. Qa8 Bb5 40. Qa2 Bd7 41.
Bxd7 Qxd7 42. Qa8 Kh7 43. Qd5 Qxd5 44. exd5 Kg6 45. Bc5 h5 46. Bd6 Kf5 47. Bb8
e4 48. Kg2 g5 49. hxg5 Bxg5 50. Bc7 Bf6 51. Kh3 Bd4 52. Kg2 e3 53. fxe3 Bxe3 54.
Kf3 Bg5 55. Bb8 Bd8 56. Bf4 Bf6 57. Bc7 Bg5 58. Bd6 Bd8 59. Ke3 h4 60. gxh4 Bxh4
61. Kd4 Bd8 62. Kc5 Ke4 63. Kc6 f5 64. Bc5 Ke5 65. d6 Ke6 66. Be3 Bh4 67. Bf4
Bd8 68. Bd2 Be7 69. d7 Bd8 70. Bf4 Be7 71. Kc7 Bf6 72. Kc8 Kd5 73. Kc7 Ke4 74.
Bd6 f4 75. Bc5 Kd5 76. Bb6 f3 77. Bf2 Be7 78. Bg3 Bf6 79. Kb7 Bg5 80. Bf4 Bf6
81. Bg3 1/2-1/2

[Event "1st Merlin Lezajsk Chess Masters"]
[Site "Lezajsk"]
[Date "1899-12-30"]
[Round "1.4"]
[White "Zima, Teofil"]
[Black "Zwardon, Vojtech"]
[Result "0-1"]
[WhiteTitle "I++"]
[BlackTitle "IM"]
[WhiteElo "1994"]
[BlackElo "2466"]

1. e4 c5 2. Nf3 Nc6 3. Bb5 g6 4. O-O Bg7 5. c3 Nf6 6. Re1 O-O 7. d4 d5 8. e5 Ne4
9. Bxc6 bxc6 10. Be3 Qb6 11. Qc1 cxd4 12. cxd4 f6 13. Nc3 Nxc3 14. Qxc3 Bg4 15.
exf6 exf6 16. Nd2 f5 17. f4 Rfe8 18. Nb3 Re7 19. h3 Bh5 20. Bf2 Be2 21. Rac1 Rae8
22. Qxc6 Qxc6 23. Rxc6 Re4 24. Nc1 Bb5 25. Rxe4 dxe4 26. Rc5 a6 27. Be3 Rd8 28.
Nb3 Ba4 29. Rc4 Bxb3 30. axb3 Rb8 31. b4 Bf8 32. Bd2 Kf7 33. Kf2 Ke6 34. Ke3 Kd5
35. b3 Bd6 36. g3 h6 37. Kf2 Rb6 38. Ke2 Rb7 39. Kf2 Rc7 40. Rxc7 Bxc7 41. Bc3
Bb6 42. Ke3 g5 43. fxg5 hxg5 44. h4 f4+ 45. gxf4 gxh4 46. f5 h3 47. Kf2 e3+ 48.
Kg3 Bxd4 49. Be1 Ke4 50. Kxh3 Kxf5 51. Kg3 Ke4 52. Kg4 Bb2 53. Kg3 Bc1 54. Kg2
Bd2 55. Kf1 Kf3 0-1

[Event "1st Merlin Lezajsk Chess Masters"]
[Site "Lezajsk"]
[Date "1899-12-30"]
[Round "1.5"]
[White "Sergeev, Vladimir"]
[Black "Trybus, Daniel"]
[Result "1/2-1/2"]
[WhiteTitle "GM"]
[BlackTitle "k"]
[WhiteElo "2403"]
[BlackElo "1972"]

1. c4 Nf6 2. g3 g6 3. b4 Bg7 4. Bb2 O-O 5. Bg2 Re8 6. Nf3 d5 7. Na3 Na6 8. b5 Nc5
9. O-O a6 10. cxd5 axb5 11. Nxb5 Ra5 12. Nc3 Nxd5 13. Qc1 Nb6 14. d3 e5 15. Rb1
Be6 16. Ng5 Bg4 17. h3 Bc8 18. f4 Ne6 19. Nxe6 Bxe6 20. fxe5 Bxe5 21. Ne4 f5 22.
Bxe5 Rxe5 23. Qb2 Bd5 24. Nc3 Bxg2 25. Kxg2 h5 26. Rf4 Kh7 27. Qb3 Kh6 28. Rbf1
Nd5 29. Nxd5 Qxd5+ 30. Qxd5 Rxd5 31. R1f2 Ra5 32. a4 b6 33. Rc4 c5 34. Kf1 Ra7
35. Ke1 Rae7 36. Kd2 Re3 37. Rg2 R8e5 38. a5 bxa5 39. Ra4 Re6 40. Rxa5 R3e5 41.
h4 Kg7 42. Ra2 Kf6 43. Ke1 c4 44. dxc4 Rc5 45. Rf2 Ke5 1/2-1/2

[Event "1st Merlin Lezajsk Chess Masters"]
[Site "Lezajsk"]
[Date "1899-12-30"]
[Round "1.6"]
[White "Miasik, Adrian"]
[Black "Licznerski, Lukasz"]
[Result "0-1"]
[WhiteTitle "I++"]
[BlackTitle "FM"]
[WhiteElo "1946"]
[BlackElo "2401"]

1. d4 Nf6 2. Nf3 g6 3. c4 Bg7 4. e3 O-O 5. Be2 d6 6. O-O Nbd7 7. b3 e5 8. dxe5
dxe5 9. Bb2 Qe7 10. Nc3 Rd8 11. Qc2 Nc5 12. Ba3 c6 13. Rad1 Bf5 14. e4 Bg4 15.
h3 Bxf3 16. Bxf3 Nfd7 17. Na4 b6 18. Bg4 Nf8 19. Nxc5 bxc5 20. Rxd8 Rxd8 21. Rd1
h5 22. Bf3 Ne6 23. Rxd8+ Qxd8 24. Bb2 Bf6 25. Bc3 Nd4 26. Bxd4 exd4 27. Qd3 Qa5
28. Qe2 Qc3 29. Qd1 d3 30. e5 Bxe5 31. Be4 d2 32. Bxc6 Bc7 33. Bf3 h4 34. Kf1
Ba5 35. Be2 Qe5 36. Kg1 Bc7 37. Kf1 Qh2 38. Bf3 Ba5 39. Ke2 Qe5+ 40. Kd3 Qe1 41.
Kc2 Qxf2 42. a3 Qd4 43. Kb1 Kh7 44. Be2 Qe4+ 45. Ka2 Qxg2 46. Bg4 Qf2 47. Kb1
Qe1 48. Ka2 Qxd1 49. Bxd1 Kh6 50. b4 cxb4 51. axb4 Bxb4 52. Kb3 a5 53. Kc2 Kg5
54. c5 Bxc5 55. Kxd2 Kf4 56. Ba4 Kg3 57. Be8 Kxh3 58. Bxf7 g5 59. Ke2 g4 0-1

[Event "1st Merlin Lezajsk Chess Masters"]
[Site "Lezajsk"]
[Date "1899-12-30"]
[Round "1.7"]
[White "Kaczmarek, Aleksander"]
[Black "Bojczewski, Mateusz"]
[Result "1/2-1/2"]
[WhiteTitle "FM"]
[BlackTitle "I+"]
[WhiteElo "2363"]
[BlackElo "1922"]

1. e4 c6 2. d4 d5 3. e5 Bf5 4. h4 h6 5. Ne2 e6 6. Ng3 Bh7 7. Bd3 Bxd3 8. cxd3 Nd7
9. h5 Qb6 10. Be3 c5 11. dxc5 Bxc5 12. Bxc5 Nxc5 13. Qe2 Qxb2 14. Qxb2 Nxd3+ 15.
Ke2 Nxb2 16. Na3 Nc4 17. Nxc4 dxc4 18. Ne4 Ne7 19. Nd6+ Kd7 20. Nxf7 Rhc8 21.
Nd6 Rc5 22. f4 b5 23. Rac1 Nd5 24. Rh4 a5 25. Rg4 Rg8 26. Ne4 Rc7 27. g3 Kc6 28.
Rg6 Kd7 29. Kf3 b4 30. Nf6+ Nxf6 31. exf6 Kd6 32. g4 Rf7 33. g5 Kd5 34. Rg1 b3
35. axb3 cxb3 36. gxh6 b2 37. Rxg7 Rgf8 38. R7g5+ Kc6 39. Rxa5 Rxf6 40. Ra4 Rxh6
41. Rb1 Rxh5 42. Ra6+ Kd7 43. Rxb2 Rhf5 44. Rb7+ Kc8 45. Rb4 e5 46. Ra8+ Kc7 47.
Rxf8 1/2-1/2

[Event "1st Merlin Lezajsk Chess Masters"]
[Site "Lezajsk"]
[Date "1899-12-30"]
[Round "1.8"]
[White "Gaj, Szymon"]
[Black "Sieciechowicz, Marcin"]
[Result "1/2-1/2"]
[WhiteTitle "I"]
[BlackTitle "IM"]
[WhiteElo "1898"]
[BlackElo "2357"]

1. d4 Nf6 2. c4 g6 3. Nc3 Bg7 4. e4 d6 5. Nf3 O-O 6. Be2 Nbd7 7. O-O e5 8. d5 Nc5
9. Qc2 a5 10. Ne1 Nfd7 11. b3 f5 12. f3 f4 13. a3 a4 14. Nxa4 Nxa4 15. bxa4 Nc5
16. Nd3 Bd7 17. Nxc5 dxc5 18. a5 Rxa5 19. Bd2 Ra6 20. Rfb1 Ba4 21. Qc1 b6 22.
Rb5 Bxb5 23. cxb5 Ra4 24. Bd1 Ra8 25. a4 Re8 26. Bb3 Bf8 27. d6+ Kg7 28. Bd5 Qxd6
29. Bxa8 Rxa8 30. Bc3 g5 31. Qb2 Kf6 32. Qb3 Qe6 33. Qb2 Rd8 34. a5 bxa5 35. Bxa5
Bd6 36. Bc3 c4 37. Bb4 Bxb4 38. Qxb4 Qb6+ 39. Kh1 Qd4 40. Ra6+ Rd6 41. h3 c3 42.
Rxd6+ cxd6 43. Qa5 Qc4 44. Qd8+ Kg7 45. Qe7+ Kg6 46. Qe8+ Kh6 47. Qf8+ Kh5 48.
Qf5 h6 49. Qg4+ Kg6 50. Qf5+ Kg7 51. Qd7+ Qf7 52. Qc6 Qb3 53. Qd7+ Kg6 54. Qf5+
Kg7 55. Qd7+ Kg6 56. Qf5+ Kg7 57. Qd7+ 1/2-1/2

[Event "1st Merlin Lezajsk Chess Masters"]
[Site "Lezajsk"]
[Date "1899-12-30"]
[Round "1.9"]
[White "Mikhaletz, Lubomir"]
[Black "Biesiadecki, Adam"]
[Result "0-1"]
[WhiteTitle "GM"]
[BlackTitle "I"]
[WhiteElo "2348"]
[BlackElo "1833"]

1. e4 e5 2. f4 d5 3. d4 exf4 4. exd5 Qh4+ 5. Ke2 Qe7+ 6. Kf2 Qh4+ 7. g3 fxg3+ 8.
hxg3 Qxh1 9. Bg2 Qh2 10. Qe2+ Be7 11. Bg5 Nf6 12. Nf3 Qh5 13. Nc3 Ng4+ 14. Kg1
f6 15. d6 cxd6 16. Nd5 Nc6 17. Nxe7 Nxe7 18. Bf4 Ne5 19. dxe5 dxe5 20. Re1 O-O
21. Bd2 Nc6 22. Qc4+ Qf7 23. Qh4 Qg6 24. Qc4+ Kh8 25. Kf2 Qf7 26. Qe4 Ne7 27.
Bb4 Re8 28. Nh4 g5 29. Nf3 Qg6 30. Qc4 Nc6 31. Bc3 Be6 32. Qe2 Rad8 33. Kg1 Nd4
34. Qf2 Nxf3+ 35. Bxf3 Bd5 36. Bxd5 Rxd5 37. Qxa7 Rd7 38. Qf2 Kg7 39. a4 Red8
40. Qe2 h5 41. Kh2 g4 42. Rf1 Rf7 43. a5 Rh8 44. Be1 Rc7 45. c4 Rd7 46. Bc3 Rhd8
47. a6 bxa6 48. c5 Qd3 49. Qf2 Rf7 50. Bxe5 Qd2 51. Bf4 Qxf2+ 52. Rxf2 Rc8 53.
Rc2 Rc6 54. b4 Rd7 55. Kg2 Kg6 56. Kf2 Kf5 57. Ke3 h4 58. Bd6 h3 59. Rd2 Ke6 60.
Kf4 Rh7 61. Re2+ Kd5 62. Rh2 Rg7 63. Kf5 Kc4 64. Kxf6 Rg8 65. Rb2 Rh8 66. Rb1
Kd5 67. Kf5 Rg8 68. Rd1+ Kc4 69. Rb1 Kd3 70. Ke6 Rcc8 71. Ra1 Ke3 72. Bf4+ Kf3
73. Ra2 Rh8 74. Rxa6 Rc6+ 75. Rxc6 h2 76. b5 h1=Q 77. Rc7 Qb1 78. Rf7 Ke4 79.
b6 Qd3 80. b7 Qd5+ 81. Kf6 Qf5+ 82. Ke7 Qxc5+ 83. Bd6 Qg5+ 84. Kd7 Rd8+ 85. Kc7
Qa5+ 86. Kc6 Qd5+ 0-1

[Event "1st Merlin Lezajsk Chess Masters"]
[Site "Lezajsk"]
[Date "1899-12-30"]
[Round "2.1"]
[White "Zwardon, Vojtech"]
[Black "Jobava, Baadur"]
[Result "0-1"]
[WhiteTitle "IM"]
[BlackTitle "GM"]
[WhiteElo "2466"]
[BlackElo "2603"]

1. c4 c6 2. Nc3 d5 3. d4 Nf6 4. cxd5 cxd5 5. Bf4 Nc6 6. e3 e6 7. Bd3 Be7 8. Rc1
Bd7 9. h3 O-O 10. Nf3 Qb6 11. Qe2 Rfc8 12. O-O Be8 13. a3 Qd8 14. Rc2 h6 15. Rfc1
a6 16. b4 Na7 17. Nd2 a5 18. Na2 Rxc2 19. Rxc2 axb4 20. axb4 Ba4 21. Rb2 Rc8 22.
Nb3 b6 23. Ba6 Rc6 24. b5 Rc4 25. Nd2 Rc2 26. Rxc2 Bxc2 27. Nf3 Bb3 28. Ne5 g5
29. Nc1 Ba4 30. Qa2 Qc7 31. Ncd3 Bxb5 32. Bg3 Bxa6 33. Qxa6 Ne4 34. Nxf7 Nxg3
35. fxg3 Kxf7 36. Ne5+ Ke8 37. Qd3 Kd8 38. Qg6 Qc8 39. Qxh6 b5 40. Qh8+ Kc7 41.
Qh7 Qe8 42. h4 gxh4 43. gxh4 Nc6 44. Nd3 Kb6 45. g4 e5 46. g5 exd4 47. exd4 Nxd4
48. Qg7 Nf5 49. Qe5 Qc8 50. Kf1 Bd6 51. Qf6 Qf8 52. Nf4 Ne3+ 0-1

[Event "1st Merlin Lezajsk Chess Masters"]
[Site "Lezajsk"]
[Date "1899-12-30"]
[Round "2.2"]
[White "Zilka, Stepan"]
[Black "Licznerski, Lukasz"]
[Result "1-0"]
[WhiteTitle "GM"]
[BlackTitle "FM"]
[WhiteElo "2577"]
[BlackElo "2401"]

1. e4 c5 2. Nf3 g6 3. c4 Nc6 4. d4 cxd4 5. Nxd4 Bg7 6. Be3 Nf6 7. Nc3 d6 8. Be2
O-O 9. O-O Bd7 10. h3 Nxd4 11. Bxd4 Bc6 12. Qc2 a5 13. Rad1 Nd7 14. Bxg7 Kxg7
15. Bg4 Ne5 16. c5 Nxg4 17. hxg4 Qc8 18. cxd6 Qxg4 19. dxe7 Rfe8 20. Nd5 Bxd5
21. Qc3+ Kg8 22. exd5 Rxe7 23. d6 Rd7 24. Rfe1 Qg5 25. Rd3 Qd8 26. Qd4 Qf8 27.
Re5 Ra6 28. Rd5 Rc6 29. Kh2 Qh6+ 30. Kg3 Qg7 31. Qg4 f5 32. Qe2 Qf8 33. Qe5 b6
34. b3 h6 35. f4 Kf7 36. Qd4 Kg8 37. Kh3 Qd8 38. Qe5 Rc1 39. Kg3 Rc8 40. Rb5 Kh7
41. Qe6 Rc6 42. Rbd5 Kg7 43. Kh3 Rc1 44. Rd1 Rc8 45. Qe3 Rc6 46. Qe6 Rc8 47. Qe2
Rc3+ 48. g3 Rc6 49. Qb5 Qc8 50. a3 Qb7 51. Qe2 Qc8 52. Re5 Qd8 53. Re7+ Kf8 54.
Qe6 1-0

[Event "1st Merlin Lezajsk Chess Masters"]
[Site "Lezajsk"]
[Date "1899-12-30"]
[Round "2.3"]
[White "Biesiadecki, Adam"]
[Black "Chatalbashev, Boris"]
[Result "0-1"]
[WhiteTitle "I"]
[BlackTitle "GM"]
[WhiteElo "1833"]
[BlackElo "2527"]

1. Nf3 g6 2. d4 Bg7 3. e4 d6 4. Bc4 Nf6 5. Qe2 O-O 6. O-O c6 7. Nc3 b5 8. Bb3 b4
9. Nd1 Ba6 10. Bc4 Bxc4 11. Qxc4 Nxe4 12. Qxb4 Nd7 13. c3 Qb6 14. Qa4 d5 15. Nd2
Nxd2 16. Bxd2 e5 17. dxe5 Nxe5 18. Be3 Qc7 19. Bd4 Ng4 20. g3 Ne5 21. Bxe5 Bxe5
22. f4 Bg7 23. Nf2 Rab8 24. Rab1 Rfe8 25. Qc2 Qb6 26. Kg2 Qa6 27. Nd3 Re3 28.
Nc1 c5 29. Qd2 d4 30. cxd4 Bxd4 31. h3 Qc6+ 32. Kh2 Qe4 0-1

[Event "1st Merlin Lezajsk Chess Masters"]
[Site "Lezajsk"]
[Date "1899-12-30"]
[Round "2.4"]
[White "Sieciechowicz, Marcin"]
[Black "Sergeev, Vladimir"]
[Result "1/2-1/2"]
[WhiteTitle "IM"]
[BlackTitle "GM"]
[WhiteElo "2357"]
[BlackElo "2403"]

1. d4 e6 2. c4 f5 3. g3 Nf6 4. Bg2 c6 5. Nf3 Bb4+ 6. Nc3 d5 7. O-O O-O 8. a3 Bd6
9. c5 Bc7 10. Bf4 Bxf4 11. gxf4 Bd7 12. Ne5 Be8 13. e3 Nbd7 14. f3 Kh8 15. b4
Qe7 16. a4 Nxe5 17. fxe5 Ng8 18. f4 g5 19. fxg5 Qxg5 20. Qf3 Ne7 21. Ne2 Ng6 22.
Nf4 Nxf4 23. Qxf4 Rg8 24. Qxg5 Rxg5 25. Rf3 a5 26. Rb1 axb4 1/2-1/2

[Event "1st Merlin Lezajsk Chess Masters"]
[Site "Lezajsk"]
[Date "1899-12-30"]
[Round "2.5"]
[White "Trybus, Daniel"]
[Black "Kaczmarek, Aleksander"]
[Result "0-1"]
[WhiteTitle "k"]
[BlackTitle "FM"]
[WhiteElo "1972"]
[BlackElo "2363"]

1. e4 c5 2. Nf3 Nc6 3. d4 cxd4 4. Nxd4 e5 5. Nb5 d6 6. c4 a6 7. N5a3 Be7 8. Nc3
f5 9. exf5 Bxf5 10. Bd3 Be6 11. O-O Nf6 12. Bg5 O-O 13. Bxf6 Rxf6 14. Be4 Kh8
15. Bd5 Bf5 16. Nc2 Qb6 17. Ne3 Raf8 18. Nxf5 Rxf5 19. Be4 Rxf2 20. Rxf2 Qxf2+
21. Kh1 Nd4 22. b3 b6 23. Qd3 g6 24. Nd5 Bg5 25. Nxb6 Nc2 26. Rg1 Qxb6 27. Qxc2
Qxg1+ 0-1

[Event "1st Merlin Lezajsk Chess Masters"]
[Site "Lezajsk"]
[Date "1899-12-30"]
[Round "2.7"]
[White "Bojczewski, Mateusz"]
[Black "Mikhaletz, Lubomir"]
[Result "0-1"]
[WhiteTitle "I+"]
[BlackTitle "GM"]
[WhiteElo "1922"]
[BlackElo "2348"]

1. c4 c5 2. Nc3 Nc6 3. g3 g6 4. Bg2 Bg7 5. Nf3 Nd4 6. e3 Nxf3+ 7. Bxf3 d6 8. O-O
Nh6 9. b3 O-O 10. Bb2 Nf5 11. Qc2 Rb8 12. Ne2 e5 13. Rad1 Qc7 14. d4 cxd4 15.
exd4 b5 16. dxe5 dxe5 17. Ba3 Re8 18. Bd5 Be6 19. Bxe6 Rxe6 20. Qe4 Ra6 21. Bc1
bxc4 22. bxc4 Ra4 23. Qd5 Rxc4 24. Ba3 Ra4 25. Rc1 Qd8 26. Qc5 Ra5 27. Rfd1 Nd4
28. Rxd4 exd4 0-1

[Event "1st Merlin Lezajsk Chess Masters"]
[Site "Lezajsk"]
[Date "1899-12-30"]
[Round "2.8"]
[White "Rasti, Arvin"]
[Black "Zima, Teofil"]
[Result "1-0"]
[WhiteTitle ""]
[BlackTitle "I++"]
[WhiteElo "2285"]
[BlackElo "1994"]

1. d4 f5 2. g3 Nf6 3. Bg2 e6 4. c4 d5 5. Nc3 c6 6. Nf3 Be7 7. O-O O-O 8. b3 Ne4
9. Bb2 Nxc3 10. Bxc3 b5 11. Ne5 Bb7 12. cxb5 cxb5 13. Qd2 a5 14. Rfc1 b4 15. Bb2
Ra6 16. Nd3 Nd7 17. Rc2 Rc6 18. Rxc6 Bxc6 19. Nf4 Rf6 20. Rc1 Bb7 21. Qe3 Nf8
22. Nd3 Bd6 23. Nc5 Bc8 24. Qd3 Qb6 25. Qc2 Qb8 26. e4 fxe4 27. Nxe4 Bd7 28. Nxf6+
gxf6 29. Re1 Qb6 30. Bf1 Ng6 31. Bd3 f5 32. Qe2 Kg7 33. h4 Qb8 34. h5 Ne7 35.
Bc1 h6 36. Qf3 Nc6 37. Qe3 1-0

[Event "1st Merlin Lezajsk Chess Masters"]
[Site "Lezajsk"]
[Date "1899-12-30"]
[Round "2.9"]
[White "Miasik, Adrian"]
[Black "Kuegel, Tobias"]
[Result "1/2-1/2"]
[WhiteTitle "I++"]
[BlackTitle "CM"]
[WhiteElo "1946"]
[BlackElo "2267"]

1. d4 Nf6 2. Nf3 d5 3. g3 e6 4. Bg2 Be7 5. O-O O-O 6. c4 dxc4 7. Qc2 a6 8. a4 Bd7
9. Ne5 Nc6 10. Nxc6 Bxc6 11. Bxc6 bxc6 12. Qxc4 Qd5 13. Nd2 Rfb8 14. b3 a5 15.
Ba3 Bb4 16. Qxd5 exd5 17. Bxb4 Rxb4 18. e3 Nd7 19. Rac1 c5 20. dxc5 c6 21. Rc3
Rab8 22. Rfc1 Ne5 23. h3 g5 24. f4 d4 25. exd4 Rxd4 26. fxe5 Rxd2 27. Rf1 Re8
28. Rf5 Rd5 29. Rxg5+ Kf8 30. Kf2 Rexe5 31. Rxe5 Rxe5 32. Kf3 Kg7 33. Kf4 Kf6
34. g4 Rd5 35. Ke4 Ke6 36. h4 f6 37. Rc4 f5+ 38. gxf5+ Rxf5 39. Kd3 Rf3+ 40. Ke2
Rxb3 41. Rd4 Ke5 42. Rd6 Rb4 43. h5 Rxa4 44. Rxc6 Kd5 45. Rc7 h6 46. c6 Rc4 47.
Ra7 Rxc6 48. Rxa5+ Ke4 49. Kf2 Kf4 50. Ra4+ Kg5 51. Ra3 Kxh5 52. Kg3 Rc5 53. Kh3
Kg5 54. Kg3 h5 55. Rb3 h4+ 56. Kh3 Re5 57. Ra3 Re1 58. Ra5+ Kf4 59. Ra4+ Kf3 60.
Kxh4 Re4+ 61. Rxe4 Kxe4 1/2-1/2

[Event "1st Merlin Lezajsk Chess Masters"]
[Site "Lezajsk"]
[Date "1899-12-30"]
[Round "3.1"]
[White "Jobava, Baadur"]
[Black "Zilka, Stepan"]
[Result "1-0"]
[WhiteTitle "GM"]
[BlackTitle "GM"]
[WhiteElo "2603"]
[BlackElo "2577"]

1. e4 e5 2. Nf3 Nc6 3. Bc4 Bc5 4. c3 Nf6 5. d4 exd4 6. e5 d5 7. Be2 Ne4 8. cxd4
Bb4+ 9. Bd2 Nxd2 10. Nbxd2 O-O 11. O-O Bg4 12. h3 Bh5 13. Rc1 f6 14. Nb3 Kh8 15.
a3 Be7 16. Re1 fxe5 17. dxe5 Rf4 18. Nc5 Bxc5 19. Rxc5 d4 20. e6 Bg6 21. Bd3 Be8
22. Qc1 Rf6 23. b4 a6 24. Ng5 h6 25. Nh7 Rg6 26. e7 Nxe7 27. Nf8 Rc6 28. Qf4 Rxc5
29. Ne6 Ng6 30. Nxd8 1-0

[Event "1st Merlin Lezajsk Chess Masters"]
[Site "Lezajsk"]
[Date "1899-12-30"]
[Round "3.2"]
[White "Kaczmarek, Aleksander"]
[Black "Dmochowska, Agnieszka"]
[Result "1-0"]
[WhiteTitle "FM"]
[BlackTitle "WFM"]
[WhiteElo "2363"]
[BlackElo "2078"]

1. e4 e6 2. b3 d5 3. Bb2 c5 4. Nc3 Nc6 5. Bb5 d4 6. Bxc6+ bxc6 7. Nce2 e5 8. Nf3
Bd6 9. d3 f5 10. exf5 Bxf5 11. Ng3 Bg4 12. h3 Qa5+ 13. Qd2 Qxd2+ 14. Nxd2 Be6
15. Nde4 Be7 16. Ba3 Bd5 17. O-O c4 18. Bxe7 Kxe7 19. bxc4 Bxe4 20. Nxe4 Nf6 21.
Rae1 Rhe8 22. f4 Nd7 23. fxe5 Nxe5 24. Rf5 Ke6 25. g4 Rab8 26. Ng5+ Kd6 27. Rfxe5
1-0

[Event "1st Merlin Lezajsk Chess Masters"]
[Site "Lezajsk"]
[Date "1899-12-30"]
[Round "3.3"]
[White "Chatalbashev, Boris"]
[Black "Zwardon, Vojtech"]
[Result "0-1"]
[WhiteTitle "GM"]
[BlackTitle "IM"]
[WhiteElo "2527"]
[BlackElo "2466"]

1. d4 Nf6 2. c4 e6 3. Nc3 Bb4 4. g3 c5 5. Nf3 cxd4 6. Nxd4 Qc7 7. Qb3 Nc6 8. Nxc6
Bxc3+ 9. Qxc3 Qxc6 10. f3 d5 11. cxd5 Qxc3+ 12. bxc3 Nxd5 13. e4 Nb6 14. a4 Bd7
15. a5 Na4 16. Ba3 Rc8 17. c4 f6 18. Rd1 b6 19. axb6 axb6 20. Kf2 Nc5 21. Rb1
Rc6 22. Be2 Kd8 23. Bxc5 bxc5 24. Rb8+ Rc8 25. Rhb1 Bc6 26. e5 fxe5 27. Ke3 Kc7
28. Rxc8+ Rxc8 29. Ra1 Rf8 30. Ra7+ Bb7 31. Ra5 Kd6 32. Ra7 Rf7 33. h4 g6 34.
Ra1 Bc6 35. Rd1+ Kc7 36. Rd2 h6 37. Rd1 Rf8 38. Ra1 Bb7 39. Ra5 Kd6 40. Ra7 Rf7
41. Bd1 g5 42. hxg5 hxg5 43. Be2 Kc6 44. Ra1 Kb6 45. Rb1+ Kc7 46. Ra1 Rf8 47.
Ra5 Kd6 48. Ra7 Rb8 49. Bd3 Bc6 50. Ra3 Rb4 51. g4 Bb7 52. Ra1 Bc6 53. Ra3 Ba4
54. Kd2 e4 55. fxe4 Ke5 56. Ke3 Bd1 57. Ra5 Rb3 58. Rxc5+ Kd6 59. Rb5 Rxb5 60.
cxb5 e5 61. b6 Kc6 62. Bb5+ Kxb6 63. Bd7 Kc5 64. Kd2 Bf3 65. Ke3 Bg2 66. Bc8 Bf1
67. Kf2 Bb5 68. Ke3 Kc4 69. Bf5 Kc3 70. Be6 Kc2 71. Bc8 Kd1 72. Be6 Ke1 73. Bf5
Kf1 74. Kf3 Ba4 75. Ke3 Kg2 76. Kd3 Kf3 77. Kc4 Bc6 78. Kd3 Kf4 79. Bg6 Bb5+ 80.
Kd2 Bf1 81. Bf5 Bh3 0-1

[Event "1st Merlin Lezajsk Chess Masters"]
[Site "Lezajsk"]
[Date "1899-12-30"]
[Round "3.4"]
[White "Sergeev, Vladimir"]
[Black "Rasti, Arvin"]
[Result "1-0"]
[WhiteTitle "GM"]
[BlackTitle ""]
[WhiteElo "2403"]
[BlackElo "2285"]

1. d4 Nf6 2. Bf4 d5 3. e3 e6 4. Nf3 c5 5. c3 Bd6 6. dxc5 Bxc5 7. Nbd2 Nc6 8. Bd3
Bd6 9. Bg3 Bxg3 10. hxg3 h6 11. Qe2 Qb6 12. b4 Qc7 13. e4 Ne5 14. Nxe5 Qxe5 15.
Rc1 dxe4 16. Nxe4 Bd7 17. Nxf6+ Qxf6 18. Be4 Rc8 19. c4 Bc6 20. O-O O-O 21. Bxc6
Rxc6 22. c5 Rfc8 23. Rc4 Qg5 24. Rg4 Qf5 25. Rc1 b6 26. Rgc4 bxc5 27. Rxc5 Rxc5
28. bxc5 Qg5 29. Qc4 Qd5 30. Qxd5 exd5 31. Kf1 Kf8 32. Ke2 Ke7 33. Kd3 Kd7 34.
Kd4 Kc6 35. Re1 Rc7 36. Re8 g6 37. Rd8 Re7 38. Rd6+ Kb5 39. a4+ Kxa4 40. Kxd5
Kb5 41. Rd8 Ka6 42. Kc6 Re2 43. f4 h5 44. Rd3 Re6+ 45. Rd6 Re7 46. Rd1 Re6+ 47.
Kd7 Kb7 48. Rb1+ 1-0

[Event "1st Merlin Lezajsk Chess Masters"]
[Site "Lezajsk"]
[Date "1899-12-30"]
[Round "3.5"]
[White "Licznerski, Lukasz"]
[Black "Biesiadecki, Adam"]
[Result "1-0"]
[WhiteTitle "FM"]
[BlackTitle "I"]
[WhiteElo "2401"]
[BlackElo "1833"]

1. e4 e5 2. Nf3 Nc6 3. Bb5 a6 4. Ba4 Nf6 5. O-O b5 6. Bb3 Be7 7. a4 b4 8. d3 d6
9. a5 O-O 10. Nbd2 Bg4 11. h3 Bh5 12. g4 Bg6 13. Nh4 Nd4 14. Ba2 c6 15. c3 bxc3
16. bxc3 Nb5 17. Bb2 Nd7 18. Nf5 Nc5 19. Nc4 Rb8 20. Re1 Kh8 21. d4 Nd7 22. Qf3
f6 23. Re2 Bf7 24. Nce3 Bxa2 25. Rxa2 g6 26. Ng3 Rf7 27. Rd2 Qc7 28. Ne2 Bf8 29.
c4 Na7 30. Bc3 Bh6 31. Rd1 Rb3 32. Rad2 exd4 33. Rxd4 Ne5 34. Qg3 Nc8 35. c5 Bf8
36. Nc4 Rd7 37. Nxe5 fxe5 38. cxd6 Bxd6 39. Rxd6 1-0

[Event "1st Merlin Lezajsk Chess Masters"]
[Site "Lezajsk"]
[Date "1899-12-30"]
[Round "3.6"]
[White "Mikhaletz, Lubomir"]
[Black "Sieciechowicz, Marcin"]
[Result "1/2-1/2"]
[WhiteTitle "GM"]
[BlackTitle "IM"]
[WhiteElo "2348"]
[BlackElo "2357"]

1. d4 Nf6 2. Bg5 e6 3. e4 h6 4. Bxf6 Qxf6 5. Nf3 b6 6. a3 Bb7 7. Nc3 d6 8. Bb5+
c6 9. e5 Qd8 10. Bd3 d5 11. Ne2 Ba6 12. O-O Be7 13. Rc1 c5 14. dxc5 bxc5 15. c4
O-O 16. cxd5 Bxd3 17. Qxd3 Qxd5 18. Qxd5 exd5 19. Nf4 Rd8 20. Rfd1 d4 21. b4 g5
22. Nd3 g4 23. Nd2 cxb4 24. axb4 Na6 25. b5 Nb4 26. Nxb4 Bxb4 27. Rc4 Be7 28.
Nb3 Rab8 29. Nxd4 Rxb5 30. Rf1 Rc5 31. Ra4 Rd7 32. Nf5 h5 33. Re4 Bf8 34. h3 gxh3
35. gxh3 Rdd5 36. Rfe1 f6 37. e6 Rxf5 38. e7 Bxe7 39. Rxe7 Rg5+ 40. Kf1 a5 41.
Ra7 Rg7 42. Ra6 Kf7 43. Ree6 Rf5 44. Re3 Rgg5 45. h4 Rg4 46. Ra3 Rgf4 47. Ra2
Rxh4 48. R6xa5 Rff4 49. Ra7+ Kg6 50. Ra8 Rhg4 51. R2a5 Rf3 52. Ke2 Rgf4 53. Rg8+
Kf7 54. Rg2 Rh3 55. Rg3 Rxg3 56. fxg3 Re4+ 57. Kf3 Re5 58. Ra8 Rb5 59. Kf4 Rb4+
60. Kf5 Rb5+ 61. Kf4 Rc5 62. Rb8 Kg7 63. Ra8 Rc1 64. Kf3 Rc4 65. Ra5 Kg6 66. Rb5
Ra4 67. Rc5 h4 68. gxh4 Rxh4 69. Kg3 Ra4 70. Rb5 f5 71. Rb8 Ra3+ 72. Kf4 Ra4+
73. Kf3 1/2-1/2